Colección de leyes, decretos, reglamentos, órdenes y circulares de interés general del Ministerio de la Gobernación desde la proclamación de la República en 11 de febrero de 1873 hasta 31 de diciembre del mismo año, y apéndice que comprende los meses de enero y febrero de 1874. (Record no. 183322)

MARC details
000 -LEADER
campo de control de longitud fija 00884nam a2200205 i 4500
001 - NÚMERO DE CONTROL
campo de control 183322
003 - IDENTIFICADOR DE NÚMERO DE CONTROL
campo de control ES-MaACL
005 - FECHA Y HORA DE LA ÚLTIMA TRANSACCIÓN
campo de control 20250809020504.0
008 - DATOS DE LONGITUD FIJA--INFORMACIÓN GENERAL
campo de control de longitud fija 140319s1874 sp |||| | spa d
245 00 - MENCIÓN DEL TÍTULO
Título Colección de leyes, decretos, reglamentos, órdenes y circulares de interés general del Ministerio de la Gobernación desde la proclamación de la República en 11 de febrero de 1873 hasta 31 de diciembre del mismo año, y apéndice que comprende los meses de enero y febrero de 1874.
260 ## - PUBLICACIÓN, DISTRIBUCIÓN, ETC.
Lugar de publicación, distribución, etc. Madrid :
Nombre del editor, distribuidor, etc. [s.n.],
Fecha de publicación, distribución, etc. 1874 (
Fabricante Imp. Nacional)
300 ## - DESCRIPCIÓN FÍSICA
Extensión 419 p. ;
Dimensiones 22 cm.
650 #4 - PUNTO DE ACCESO ADICIONAL DE MATERIA--TÉRMINO DE MATERIA
Término de materia o nombre geográfico como elemento de entrada Derecho-
Subdivisión geográfica España-
Subdivisión cronológica S.XIX
9 (RLIN) 11618
650 #7 - PUNTO DE ACCESO ADICIONAL DE MATERIA--TÉRMINO DE MATERIA
Término de materia o nombre geográfico como elemento de entrada Derecho-
Subdivisión geográfica España
Fuente del encabezamiento o término
9 (RLIN) 141531
650 #4 - PUNTO DE ACCESO ADICIONAL DE MATERIA--TÉRMINO DE MATERIA
Término de materia o nombre geográfico como elemento de entrada Républica-
Subdivisión geográfica España.
9 (RLIN) 142785
710 1# - ENTRADA AGREGADA--NOMBRE DE ENTIDAD CORPORATIVA
Nombre de entidad corporativa o nombre de jurisdicción como elemento de entrada España.
Unidad subordinada Ministerio de Gobernación.
9 (RLIN) 3872
852 ## - LOCALIZACIÓN
Ubicación ES-MaACL
Número de control de estantería G-3791
852 ## - LOCALIZACIÓN
Ubicación ES-MaACL
Número de control de estantería G-12584
Holdings
Estatus retirado Estado de pérdida Estado de daño No para préstamo Colección Biblioteca de origen Biblioteca actual Ubicación en estantería Fecha de adquisición Fuente de adquisición Total de préstamos Signatura topográfica completa Código de barras Visto por última vez Precio de reemplazo Tipo de ítem Koha
        Libros del s. XIX Biblioteca del Ateneo de Madrid Biblioteca del Ateneo de Madrid Depósito 2 19/03/2014     G-3791 1192688 23/02/2023 23/02/2023 Libro impreso antiguo
        Libros del s. XIX Biblioteca del Ateneo de Madrid Biblioteca del Ateneo de Madrid Sala Pecera Planta 3 04/08/2016     G-12584 1195767 23/02/2023 23/02/2023 Libro impreso antiguo